Statystyki dla Sąsiedzi sąsiadów DRK

Kliknij tutaj aby rozwiązać quiz!

Ogólne statystyki

  • Ten quiz został rozwiązany 42 razy
  • Średni wynik to 8 z 11

Statystyki odpowiedzi

Państwo% Poprawnych
Czad
90%
Kenia
90%
Etiopia
88%
Sudan
85%
Namibia
83%
Gabon
80%
Zimbabwe
73%
Botswana
70%
Mozambik
68%
Kamerun
65%
Malawi
53%

Rozkład punktacji

Percentyl według liczby udzielonych odpowiedzi

Procent ludzi z każdym wynikiem

Twoja historia wyników

Nie rozwiązałeś tego quizu